000 00278nam a22001217a 4500
008 180807b xxu||||| |||| 00| 0 eng d
082 _a813.52
245 _aPrimary Source Investigator
_cHil,M.G
260 _c2005
300 _a1
_fCD
440 _x0072918470
942 _2ddc
_cMX
999 _c46908
_d46908